00966 a2200205 4500003000500000005001700005020001800022040000900040082001400049100001800063245016700081260003400248300002500282490003500307505025000342650004500592650003700637700001900674856006700693Nust20170207154017.0 a0-471-22160-0 cNust0 a621.382751 aKawano, Kenji00aIntroduction to optical waveguide analysis-(E-BOOK)h[Elektronisk resurs]bsolving Maxwell's equations and the Schr?ger equation /cKenji Kawano and Tsutomu Kitoh aNew York :bWiley,ccop. 2001 axiii, 275 s. :bill.0 aWiley-Interscience publication a Fundamental Equations(Page-1) Analytical Methods(Page-13) Finite-Element Methods(Page-59) Finite-Difference Methods(Page-117) Beam Propagation Methods(Page-165) Finite-Difference Time-Domain Method(Page-233) Schrodinger Equation(Page-251) 7aOptical wave guidesxMathematical models 7aOptical wave guidesxMathematics1 aKitoh, Tsutomu40uhttp://www3.interscience.wiley.com/cgi-bin/booktoc?ID=92012730